|
|
|
|
| LEADER |
02830nam a22005895i 4500 |
| 001 |
978-3-211-38167-0 |
| 003 |
DE-He213 |
| 005 |
20151204145058.0 |
| 007 |
cr nn 008mamaa |
| 008 |
100715s2006 au | s |||| 0|eng d |
| 020 |
|
|
|a 9783211381670
|9 978-3-211-38167-0
|
| 024 |
7 |
|
|a 10.1007/3-211-38167-8
|2 doi
|
| 040 |
|
|
|d GrThAP
|
| 050 |
|
4 |
|a QA273.A1-274.9
|
| 050 |
|
4 |
|a QA274-274.9
|
| 072 |
|
7 |
|a PBT
|2 bicssc
|
| 072 |
|
7 |
|a PBWL
|2 bicssc
|
| 072 |
|
7 |
|a MAT029000
|2 bisacsh
|
| 082 |
0 |
4 |
|a 519.2
|2 23
|
| 245 |
1 |
0 |
|a Decision Theory and Multi-Agent Planning
|h [electronic resource] /
|c edited by Giacomo Della Riccia, Didier Dubois, Rudolf Kruse, Hanz-Joachim Lenz.
|
| 264 |
|
1 |
|a Vienna :
|b Springer Vienna,
|c 2006.
|
| 300 |
|
|
|a XI, 198 p.
|b online resource.
|
| 336 |
|
|
|a text
|b txt
|2 rdacontent
|
| 337 |
|
|
|a computer
|b c
|2 rdamedia
|
| 338 |
|
|
|a online resource
|b cr
|2 rdacarrier
|
| 347 |
|
|
|a text file
|b PDF
|2 rda
|
| 490 |
1 |
|
|a CISM International Centre for Mechanical Sciences, Courses and Lectures ;
|v 482
|
| 505 |
0 |
|
|a Making decisions from weighted arguments -- Qualitative Preference Modelling in Constraint Satisfaction -- MCDA — Multi-Criteria Decision Making in e-commerce -- Some Recent Results and Open Questions in Distributed Resource Allocation -- Logical representation of preference: a brief survey -- Possibility Theory and its Applications: a Retrospective and Prospective view -- Efficient computation of project characteristics in a series-parallel activity network with interval durations -- Graphical Models for Industrial Planning on Complex Domains -- On Markov decision models with an absorbing set -- Automated Behavior Modeling — Recognizing and Predicting Agent Behavior -- Features of Emotional Planning in Software Agents.
|
| 650 |
|
0 |
|a Mathematics.
|
| 650 |
|
0 |
|a Mathematical logic.
|
| 650 |
|
0 |
|a Mathematical statistics.
|
| 650 |
|
0 |
|a Computers.
|
| 650 |
|
0 |
|a Probabilities.
|
| 650 |
|
0 |
|a Statistics.
|
| 650 |
1 |
4 |
|a Mathematics.
|
| 650 |
2 |
4 |
|a Probability Theory and Stochastic Processes.
|
| 650 |
2 |
4 |
|a Probability and Statistics in Computer Science.
|
| 650 |
2 |
4 |
|a Mathematical Logic and Foundations.
|
| 650 |
2 |
4 |
|a Statistical Theory and Methods.
|
| 650 |
2 |
4 |
|a Mathematical Logic and Formal Languages.
|
| 650 |
2 |
4 |
|a Models and Principles.
|
| 700 |
1 |
|
|a Riccia, Giacomo Della.
|e editor.
|
| 700 |
1 |
|
|a Dubois, Didier.
|e editor.
|
| 700 |
1 |
|
|a Kruse, Rudolf.
|e editor.
|
| 700 |
1 |
|
|a Lenz, Hanz-Joachim.
|e editor.
|
| 710 |
2 |
|
|a SpringerLink (Online service)
|
| 773 |
0 |
|
|t Springer eBooks
|
| 776 |
0 |
8 |
|i Printed edition:
|z 9783211317877
|
| 830 |
|
0 |
|a CISM International Centre for Mechanical Sciences, Courses and Lectures ;
|v 482
|
| 856 |
4 |
0 |
|u http://dx.doi.org/10.1007/3-211-38167-8
|z Full Text via HEAL-Link
|
| 912 |
|
|
|a ZDB-2-ENG
|
| 950 |
|
|
|a Engineering (Springer-11647)
|